[Event "NOR-ch Class3"]
[Site "Oslo"]
[Date "2015.07.09"]
[Round "7"]
[White "Vikhamar Sandberg, Oskar"]
[Black "Dyrhaug, Sverre S"]
[Result "0-1"]
[WhiteElo "1488"]
[BlackElo "1389"]
[PlyCount "72"]
[EventDate "2015.07.04"]
[EventType "swiss"]
[EventRounds "9"]
[EventCountry "NOR"]
[SourceTitle "EXT 2017"]
[Source "ChessBase"]
[SourceDate "2016.10.25"]
[SourceVersion "1"]
[SourceVersionDate "2016.10.25"]
[SourceQuality "1"]

1. e4 e5 2. Nf3 Nc6 3. Bc4 Bc5 4. c3 Nf6 5. d4 exd4 6. cxd4 Bb4+ 7. Bd2 Bxd2+ 8. Nbxd2 d5 9. exd5 Nxd5 10. 0-0 0-0 11. Re1 Nb6 12. Bd3 Nxd4 13. Nxd4 Qxd4 14. Nc4 Qf6 15. Qe2 Bf5 16. Bxf5 Qxf5 17. Nxb6 axb6 18. Qe4 Qxe4 19. Rxe4 Rfe8 20. Rae1 Kf8 21. a3 Rxe4 22. Rxe4 Re8 23. Rxe8+ Kxe8 24. Kf1 Kd7 25. Ke2 Kd6 26. Kd3 Kd5 27. b3 b5 28. f3 c5 29. g3 c4+ 30. Kc3 g5 31. h3 f5 32. h4 gxh4 33. gxh4 h6 34. h5 f4 35. Kd2 Kd4 36. b4 b6 0-1